Egyszerű vagy bonyolult? - avagy a "relativitás relativitása" a relativitáselmélet és recepciója filozófiai kontextusban

Elmentve itt :
Bibliográfiai részletek
Szerző: Székely László
Adatforrás:Philobibl
Forrásdokumentuma:Pannonhalmi Szemle
16.2008:4. p. 48-52.
Dokumentumtípus: Cikk
Nyelv:magyar
Kulcsszavak:relativitáselmélet
tér
idő
fizika
természetfilozófia
Einstein, A.
Jánossy Lajos
Lorentz-elv
Laue, Max von
LEADER 00647nab a2200205 c 4500
001 bibPHI0044070
005 20200924125225.2
008 130125s2008 hu hun
100 1 |a Székely László 
245 1 0 |a Egyszerű vagy bonyolult? - avagy a "relativitás relativitása"  |b a relativitáselmélet és recepciója filozófiai kontextusban  |c Székely László 
695 |a relativitáselmélet 
695 |a tér 
695 |a idő 
695 |a fizika 
695 |a természetfilozófia 
695 |a Einstein, A. 
695 |a Jánossy Lajos 
695 |a Lorentz-elv 
695 |a Laue, Max von 
773 0 |t Pannonhalmi Szemle  |g 16.2008:4. p. 48-52.